US Towns On Reservations - Statistics

General Stats
  • This quiz has been taken 6 times
  • The average score is 16 of 102
Answer Stats
Reservation State Population Answer % Correct
Taos Pueblo NM 1,401 Taos Pueblo
75%
Oneida (WI) Reservation WI 4,526 Oneida
50%
Pine Ridge Reservation SD 2,858 Pine Ridge
50%
Pojoaque Pueblo NM 2,446 Pojoaque
50%
San Carlos Reservation AZ 4,293 San Carlos
50%
San Felipe Pueblo NM 1,430 San Felipe Pueblo
50%
Santa Clara Pueblo NM 1,041 Santa Clara Pueblo
50%
Santo Domingo Pueblo NM 2,229 Santo Domingo Pueblo
50%
Tesuque Pueblo NM 1,428 Tesuque
50%
Winnemucca Indian Colony NV 8,214 Winnemucca
50%
Navajo Nation NM 1,081 Alamo
25%
Gila RIver Indian Reservation AZ 2,516 Blackwater
25%
Navajo Nation AZ 4,122 Chinle
25%
Navajo Nation NM 1,436 Church Rock
25%
Crow Reservation MT 1,958 Crow Agency
25%
Navajo Nation AZ 1,326 Dilkon
25%
Jicarilla Apache Nation NM 1,938 Dulce
25%
Santa Clara Pueblo NM 10,399 Española
25%
Hopi Reservation AZ 1,024 First Mesa
25%
Navajo Nation AZ 3,528 Fort Defiance
25%
Fort Hall Reservation ID 1,642 Fort Hall
25%
Kaibab Indian Reservation AZ 1,314 Fredonia
25%
Oneida (WI) Reservation WI 11,176 Hobart
25%
Navajo Nation NM 1,011 Iyanbito
25%
Jemez Pueblo NM 2,164 Jemez Pueblo
25%
Navajo Nation AZ 1,681 Kaibito
25%
Navajo Nation AZ 5,098 Kayenta
25%
Menominee Reservation WI 1,393 Keshena
25%
Kickapoo (KS) Reservation KS 1,860 Kickapoo
25%
L'Anse Reservation MI 1,946 L'Anse
25%
Navajo Nation AZ 1,471 Lechee
25%
Menominee Reservation WI 1,664 Legend Lake
25%
Navajo Nation AZ 1,179 Leupp
25%
Isabella Reservation MI 20,569 Mt. Pleasant
25%
Nambe Pueblo NM 2,347 Nambe
25%
Navajo Nation NM 2,261 Navajo
25%
Fort Berthold Reservation ND 2,709 New Town
25%
Colorado River Reservation AZ 3,393 Parker
25%
San Carlos Reservation AZ 1,514 Peridot
25%
Navajo Nation AZ 1,715 Red Lake
25%
Red Lake Reservation MN 1,277 Red Lake
25%
Wind River Reservation WY 11,004 Riverton
25%
Rosebud Reservation SD 2,237 Rosebud
25%
Gila River Indian Reservation AZ 2,942 Sacaton
25%
Tohono O'odham Reservation AZ 2,391 Sells
25%
Navajo Nation NM 7,962 Shiprock
25%
Ute Mountain Reservation CO 1,232 Towaoc
25%
Navajo Nation AZ 8,372 Tuba City
25%
Warm Springs Reservation OR 2,204 Warm Springs
25%
Fort Apache Reservation AZ 4,284 Whiteriver
25%
Navajo Nation AZ 1,716 Window Rock
25%
Zuni Reservation NM 6,756 Zuni Pueblo
25%
Wind River Reservation WY 1,491 Arapahoe
0%
L'Anse Reservation MI 1,929 Baraga
0%
Turtle Mountain Reservation ND 1,814 Belcourt
0%
San Carlos Reservation AZ 1,814 Bylas
0%
Fort Apache Reservation AZ 1,616 Canyon Day
0%
Eastern Cherokee Reservation NC 1,088 Cherokee
0%
Fort Apache Reservation AZ 1,423 Cibecue
0%
Fond du Lac Reservation MN 12,569 Cloquet
0%
Navajo Nation NM 2,628 Crownpoint
0%
Uintah and Ouray Reservation UT 1,660 Duchesne
0%
Cheyenne River Reservation SD 1,220 Eagle Butte
0%
White Earth Reservation MN 1,284 Elbow Lake
0%
San Ildefonso Pueblo NM 1,620 El Rancho
0%
Fort Belknap Reservation MT 1,426 Fort Belknap Agency
0%
Lower Brule Reservation SD 1,039 Fort Thompson
0%
Spirit Lake Reservation ND 1,438 Fort Totten
0%
Wind River Reservation WY 1,230 Fort Washakie
0%
Kickapoo Reservation KS 1,466 Horton
0%
Nez Perce Reservation ID 1,208 Kamiah
0%
Pine Ridge Reservation SD 1,716 Kyle
0%
Northern Cheyenne Reservation MT 2,064 Lame Deer
0%
Santa Clara Pueblo NM 2,456 La Mesilla
0%
Nez Perce Reservation ID 1,217 Lapwai
0%
Red Lake Reservation MN 1,109 Little Rock
0%
Navajo Nation AZ 1,631 Lukachukai
0%
White Earth Reservation MN 1,200 Mahnomen
0%
Rosebud Reservation SD 1,338 Mission
0%
Umatilla Reservation OR 1,036 Mission
0%
Isabella Reservation MI 2,244 Nottawa
0%
Pine Ridge Reservation SD 1,064 Oglala
0%
San Juan Pueblo NM 1,126 Ohkay Owingeh
0%
Nez Perce Reservation ID 3,340 Orofino
0%
Duck Valley Reservation NV 1,112 Owyhee
0%
Flathead Reservation MT 1,566 Pablo
0%
Hualapai Indian Reservation AZ 1,601 Peach Springs
0%
Omaha Reservation NE 1,034 Pender
0%
Navajo Nation AZ 1,126 Pinon
0%
Flathead Reservation MT 5,761 Polson
0%
Red Lake Reservation MN 1,228 Redby
0%
Turtle Mountain Reservation ND 1,183 Shell Valley
0%
Lake Traverse Reservation SD 2,400 Sisseton
0%
Navajo Nation NM 2,377 Thoreau
0%
Yakima Indian Reservation WA 8,592 Toppenish
0%
Navajo Nation AZ 1,534 Tsaile
0%
Navajo Nation NM 1,467 Upper Fruitland
0%
Yankton Reservation SD 1,406 Wagner
0%
Yakima Indian Reservation WA 4,450 Wapato
0%
Isabella Reservation MI 1,303 Weidman
0%
Isabella Reservation MI 1,388 Wise
0%
Fort Peck Reservation MT 2,477 Wolf Point
0%
No matching quizzes found
Score Distribution
Percent of People with Each Score
Percentile by Number Answered
Your Score History
You have not taken this quiz